000 00261nam a2200109 4500
999 _c11735
_d11735
003 OSt
005 20230717194311.0
008 230717b ||||| |||| 00| 0 eng d
245 _aMethods of estimating housing needs
260 _aNY
_bunited nations
942 _2ddc